Sudden Death: Presidenti della Repubblica Italiana - Statistics

Statistiche generali
  • Questo quiz è stato fatto 311 volte
  • Il punteggio medio è 8 su 12
Answers on the Grid
Answers color-coded by a green-red scale on the quiz's grid according to % correct below.
Alcide De Gasperi
Giorgio Napolitano
Aldo Moro
Amintore Fanfani
Antonio Segni
Bettino Craxi
Carlo Azeglio Ciampi
Enrico Berlinguer
Enrico De Nicola
Francesco Cossiga
Giovanni Leone
Giovanni Spadolini
Giuliano Amato
Oscar Luigi Scalfaro
Giulio Andreotti
Giulio Tremonti
Giovanni Gronchi
Giuseppe Garibaldi
Giuseppe Saragat
Lamberto Dini
Luigi Einaudi
Sandro Pertini
Sergio Mattarella
Silvio Berlusconi
 
Statistiche sulle risposte
Risposta % Corretto
Giorgio Napolitano
94%
Sergio Mattarella
73%
Carlo Azeglio Ciampi
70%
Francesco Cossiga
70%
Sandro Pertini
69%
Enrico De Nicola
67%
Giovanni Leone
64%
Oscar Luigi Scalfaro
64%
Giuseppe Saragat
61%
Luigi Einaudi
61%
Antonio Segni
56%
Giovanni Gronchi
51%
Nessun quiz corrispondente trovato
Distribuzione punteggi
Percentuale di utenti per punteggio
Percentile per numero di risposta
I tuoi punteggi nel tempo
Non hai fatto questo quiz